Switched capacitor circuits / (Record no. 175760)
[ view plain ]
| 000 -LEADER | |
|---|---|
| fixed length control field | 01079 a2200217 4500 |
| 003 - CONTROL NUMBER IDENTIFIER | |
| control field | Nust |
| 005 - DATE AND TIME OF LATEST TRANSACTION | |
| control field | 20230831085311.0 |
| 010 ## - LIBRARY OF CONGRESS CONTROL NUMBER | |
| LC control number | 83010507 |
| 020 ## - INTERNATIONAL STANDARD BOOK NUMBER | |
| Terms of availability | 0442208731 |
| 040 ## - CATALOGING SOURCE | |
| Transcribing agency | Nust |
| 082 ## - DEWEY DECIMAL CLASSIFICATION NUMBER | |
| Classification number | 621.38153,ALL |
| 100 1# - MAIN ENTRY--PERSONAL NAME | |
| Personal name | Allen, P. E. |
| 9 (RLIN) | 97159 |
| 245 10 - TITLE STATEMENT | |
| Title | Switched capacitor circuits / |
| Statement of responsibility, etc. | Phillip E. Allen, Edgar Sanchez-Sinencio. |
| 260 ## - PUBLICATION, DISTRIBUTION, ETC. | |
| Place of publication, distribution, etc. | New York : |
| Name of publisher, distributor, etc. | Van Nostrand Reinhold, |
| Date of publication, distribution, etc. | c1984. |
| 300 ## - PHYSICAL DESCRIPTION | |
| Extent | xv, 759 p. : |
| Other physical details | ill. ; |
| Dimensions | 24 cm. |
| 440 #0 - SERIES STATEMENT/ADDED ENTRY--TITLE | |
| Title | Van Nostrand Reinhold electrical/computer science and engineering series |
| 9 (RLIN) | 97160 |
| 505 ## - FORMATTED CONTENTS NOTE | |
| Formatted contents note | Analog Sampled Data Concept (Page-1), Implementation of Basic Signal Processing Operations (Page-39), Introduction to Switched Capacitor Filters (Page-131), Switched Capacitor LC Ladder Simulation (Page-224), Switched Capacitor Z-domain Filters (Page-348), Application of Switched Capacitor Circuits (Page-425), MOS Analog Digital Converters (Page-504), MOS Technology and Analog Circuits Design (Page-559). |
| 650 #0 - SUBJECT ADDED ENTRY--TOPICAL TERM | |
| Topical term or geographic name entry element | Telecommunication Engineering. |
| 700 2# - ADDED ENTRY--PERSONAL NAME | |
| Personal name | S⡮chez-Sinencio, Edgar. |
| 9 (RLIN) | 97161 |
| 942 ## - ADDED ENTRY ELEMENTS (KOHA) | |
| Koha item type | Reference |
| Source of classification or shelving scheme | |
| Withdrawn status | Lost status | Source of classification or shelving scheme | Damaged status | Not for loan | Permanent Location | Current Location | Shelving location | Date acquired | Full call number | Barcode | Date last seen | Price effective from | Koha item type | Public note |
|---|---|---|---|---|---|---|---|---|---|---|---|---|---|---|
| Military College of Signals (MCS) | Military College of Signals (MCS) | Reference | 12/12/2016 | 621.38153,ALL | MCS21579 | 12/08/2016 | 12/12/2016 | Reference | Almirah No.21, Shelf No.5 |
